| 000 | 00445nam a22001697a 4500 | ||
|---|---|---|---|
| 003 | CEME | ||
| 005 | 20210628205943.0 | ||
| 008 | 210202b xxu||||| |||| 00| 0 eng d | ||
| 040 | _c. | ||
| 082 | _a297.63 DIA | ||
| 100 |
_aDayam, Abdul Dayam. Qazi _977630 |
||
| 245 | _aSyed ul waraah | ||
| 260 |
_bISLAMIC PUBLICATIONS _c2003 |
||
| 300 | _a3VOLS | ||
| 650 |
_aISLAM-BIOGRAPHY OF PROPHET MUHAMMADPEACE BE UPON HIM _977631 |
||
| 942 |
_cBK _2ddc |
||
| 999 |
_c582869 _d582869 |
||